El principito / (Record no. 136938)

MARC details
000 -LEADER
campo de control de longitud fija 01183nam a2200301 i 4500
001 - NÚMERO DE CONTROL
campo de control 136938
003 - IDENTIFICADOR DE NÚMERO DE CONTROL
campo de control ES-MaACL
005 - FECHA Y HORA DE LA ÚLTIMA TRANSACCIÓN
campo de control 20260505130333.0
007 - CAMPO FIJO DE DESCRIPCIÓN FÍSICA--INFORMACIÓN GENERAL
campo de control de longitud fija t|
008 - DATOS DE LONGITUD FIJA--INFORMACIÓN GENERAL
campo de control de longitud fija 160310s2002 sp a |||| | spa d
020 ## - NÚMERO INTERNACIONAL ESTÁNDAR DEL LIBRO
Número Internacional Estándar del Libro 84-206-3628-2
080 ## - NÚMERO DE LA CLASIFICACIÓN DECIMAL UNIVERSAL
Número de la Clasificación Decimal Universal 087.5:82
100 ## - ENTRADA PRINCIPAL--NOMBRE DE PERSONA
Nombre de persona Saint-Exupéry, Antoine de,
Fechas asociadas al nombre 1900-1944
9 (RLIN) 239169
245 13 - MENCIÓN DEL TÍTULO
Título El principito /
Mención de responsabilidad, etc. Antoine de Saint-Exupéry ; [traductora [sic], Bonifacio del Carril] ; [con ilustraciones del autor].
250 ## - MENCION DE EDICION
Mención de edición 6ª reimp.
260 ## - PUBLICACIÓN, DISTRIBUCIÓN, ETC.
Lugar de publicación, distribución, etc. Madrid :
Nombre del editor, distribuidor, etc. Alianza Editorial :
-- Buenos Aires :
-- Emecé,
Fecha de publicación, distribución, etc. 2002.
300 ## - DESCRIPCIÓN FÍSICA
Extensión 116 p. :
Otras características físicas il. ;
Dimensiones 18 cm.
490 1# - MENCIÓN DE SERIE
Mención de serie El libro de bolsillo. Biblioteca temática juvenil ;
Designación de volumen o secuencia 8001
490 1# - MENCIÓN DE SERIE
Mención de serie El libro de bolsillo. Biblioteca juvenil
595 ## -
-- 1ª ed. en "El libro de bolsillo", 1971.
595 ## -
-- 1ª ed. en "Biblioteca temática juvenil", 1997.
598 ## - NOTA LOCAL
Nota local En anteport.: Biblioteca temática.
700 1# - ENTRADA AGREGADA--NOMBRE PERSONAL
Nombre de persona Carril, Bonifacio del.
9 (RLIN) 35748
830 0# - PUNTO DE ACCESO ADICIONAL DE SERIE-TÍTULO UNIFORME
Título uniforme El libro de bolsillo. Biblioteca temática juvenil ;
Designación de volumen o secuencia 8001
9 (RLIN) 220046
830 0# - PUNTO DE ACCESO ADICIONAL DE SERIE-TÍTULO UNIFORME
Título uniforme El libro de bolsillo. Biblioteca juvenil
9 (RLIN) 231574
852 ## - LOCALIZACIÓN
Ubicación ES-MaACL
Número de control de estantería L-3209
Holdings
Estatus retirado Estado de pérdida Estado de daño No para préstamo Biblioteca de origen Biblioteca actual Ubicación en estantería Fecha de adquisición Fuente de adquisición Total de préstamos Signatura topográfica completa Código de barras Visto por última vez Precio de reemplazo Tipo de ítem Koha
        Biblioteca del Ateneo de Madrid Biblioteca del Ateneo de Madrid Depósito 2 10/03/2016     L-3209 1194923 23/02/2023 23/02/2023 Libro impreso